| 000 | 00618nam a22001817a 4500 | ||
|---|---|---|---|
| 003 | BD-DhUL | ||
| 005 | 20170313141856.0 | ||
| 008 | 170220s1967 bg a|||| m||| 00| 0 eng d | ||
| 040 |
_aBD-DhUL _cBD-DhUL |
||
| 082 |
_a338.7354 _bMOE |
||
| 100 | 1 | _aHabibullah, Mohammad | |
| 245 | 1 | 0 |
_aemployee-centered supervision and productivity in the jute industry of pakistan / _cMohammad habibullah. _h[PhD Thesis]. |
| 260 |
_aDhaka : _bUniversity of Dhaka, _c1967. |
||
| 300 |
_a191 p. ; _c30 cm. |
||
| 500 | _a Thesis (PhD) -- University of Dhaka,1967. | ||
| 504 | _aIncludes bibliographical references. | ||
| 942 |
_2ddc _cREF |
||
| 999 |
_c162591 _d162591 |
||